01888nam a2200397 a 4500001001000000003000900010005001700019007001000036008003300046020001800079040002200097082002800119100002800147245018300175260005400358300002400412490004800436500006300484500007400547504005400621534010200675590002600777650004800803650004000851650003400891650003700925700003800962700006001000710004401060710006501104910003901169942001201208952012401220952012901344999001701473000007137DO-SdBNP20240314121607.0000007137090717s2002018 mx 001 0 spa d z9789688508211 aBPMSUbspacBPMSU 4a306.81 bD568p 20182221 aDíez, Jordi, d1966- 13aLa política del matrimonio gay en América Latina : bArgentina, Chile y México / cJordi Díez ; prólogo Olga Sánchez Cordero ; traducción Bárbara Pérez Curiel.  aMéxico : bFondo de Cultura Económica ;c2018 a436 p. ;c23 cm.b 0 aSección de obras de política y derecho  aIncluye datos biogràficos del autor en la contracubierta aIncluye referencias bibliográficas y notas al pie de las páginas  abibliografía : (páginas 393-423) e índice.  pTítulo original :The politics of gay marriage in Latin America. Argentina, Chile and México.  aInventariado, 2024/VM 4aMatrimonio homosexual xAmérica Latina.  4aMatrimonio homosexual xArgentina.  4aMatrimonio homosexual zChile 4aMatrimonio homosexual zMéxico1 a Pérez Curiel, Bárbara,e tr.1 aSánchez Cordero de García Villegas, Olga, epról.2 aFondo de Cultura Económica (México)2 aCentro de Investigación y Docencia Económicas (México) aVMateo V. Control de calidad BPMSU 2ddccBK 00102ddc40708CGaBPMETbBPMETd2024-03-14l0oBPMSU CG 306.81 D568p 2018pBPMSU24030046r2024-03-14w2024-03-14yBK 00102ddc40708CGaBPMETbBPMETd2024-03-14l0oBPMSU CG 306.81 D568p 2018pBPMSU24030047r2024-03-14te.2w2024-03-14yBK c14596d14596